00294nam a22001217a 4500003000400000082001800004100001700022245004300039260004400082300000800126650001900134653001900153SGT a617.645bD21T aTomar, Megha a3-Dimensional Printing in Periodontics aGurugram, HaryanabSGT Universityc2021 a140 aPeriodontology aPeriodontology